Elaboración de un instrumento psicométrico para medir la percepción del dolor en las dimensiones sensorial, cognitiva y afectiva /
Enregistré dans:
| Auteur principal: | |
|---|---|
| Autres auteurs: | |
| Format: | Thèse Livre |
| Langue: | espagnol |
| Sujets: | |
| Tags: |
Pas de tags, Soyez le premier à ajouter un tag!
|
MARC
| LEADER | 00000nam^a2200000^a^4500 | ||
|---|---|---|---|
| 001 | 000051114 | ||
| 005 | 20250521000000.0 | ||
| 009 | 20260526115356.774 | ||
| 037 | |a Acervo ITESO - Biblioteca | ||
| 041 | |a ESP | ||
| 090 | |a PSI. 300 | ||
| 100 | |a Palacios Minakata, Marcela |e (autor) | ||
| 245 | 1 | 0 | |a Elaboración de un instrumento psicométrico para medir la percepción del dolor en las dimensiones sensorial, cognitiva y afectiva / |c M. Palacios Minakata, J.R. Parra Carmona. |
| 264 | |a Guadalajara, México : |b edición de autor, |c 1996 | ||
| 300 | |a 122 p. | ||
| 336 | |a texto |b txt |2 rdacontenido | ||
| 337 | |a sin mediación |b n |2 rdamedio | ||
| 338 | |a volumen |b nc |2 rdasoporte | ||
| 502 | |a ITESO Tesis de Licenciatura en Psicología | ||
| 649 | |a XX | ||
| 650 | |a Dolor - |x Aspectos Psicológicos - |x Tema Principal | ||
| 650 | |a Psicometría | ||
| 650 | |a Psicología Diferencial | ||
| 650 | |a Psicología de la Salud | ||
| 700 | |a Parra Carmona, José Rubén |e (autor) | ||
| 910 | |a Fondo General | ||
| 920 | |a Impresos - Tesis del ITESO | ||
| 930 | |a Colección General | ||
| 905 | |a 104 | ||
| 901 | |a 0500007968 |b IT2 |c TSS |u 20250521 | ||
| 902 | |a https://opac.biblio.iteso.mx/vufind/Record/000051114 | ||